|
|
|
|
| LEADER |
00000cam a22000004a 4500 |
| 001 |
musev2_4055 |
| 003 |
MdBmJHUP |
| 005 |
20230905040511.0 |
| 006 |
m o d |
| 007 |
cr||||||||nn|n |
| 008 |
020802s2003 txu o 00 0 eng d |
| 010 |
|
|
|z 2002012408
|
| 020 |
|
|
|a 9781603446662
|
| 020 |
|
|
|z 1603446664
|
| 020 |
|
|
|z 9781585441860
|
| 020 |
|
|
|z 1585441864
|
| 035 |
|
|
|a (OCoLC)53976822
|
| 040 |
|
|
|a MdBmJHUP
|c MdBmJHUP
|
| 050 |
0 |
4 |
|a NA2750
|b .C68 2003
|
| 082 |
0 |
|
|a 720
|2 21
|
| 100 |
1 |
|
|a Corona Martínez, Alfonso.
|
| 245 |
1 |
4 |
|a The Architectural Project /
|c by Alfonso Corona-Martinez ; edited by Malcolm Quantrill ; translated by Alfonso Corona-Martinez and Malcolm Quantrill.
|
| 250 |
|
|
|a 1st ed.
|
| 264 |
|
1 |
|a College Station :
|b Texas A&M University Press,
|c 2003.
|
| 264 |
|
3 |
|a Baltimore, Md. :
|b Project MUSE,
|c 2012
|
| 264 |
|
4 |
|c ©2003.
|
| 300 |
|
|
|a 1 online resource (232 pages):
|b ill. ;
|
| 336 |
|
|
|a text
|b txt
|2 rdacontent
|
| 337 |
|
|
|a computer
|b c
|2 rdamedia
|
| 338 |
|
|
|a online resource
|b cr
|2 rdacarrier
|
| 504 |
|
|
|a Includes bibliographical references (p. [187]-198) and index.
|
| 505 |
0 |
|
|a Design processes -- Description generation -- Design education -- The two faces of functionalism -- Typology -- Development of the project: the elements of architecture -- Elements of composition -- Changes in design method: the future in the present.
|
| 588 |
|
|
|a Description based on print version record.
|
| 650 |
|
0 |
|a Architectural design
|x Study and teaching.
|
| 650 |
|
0 |
|a Architectural design.
|
| 655 |
|
7 |
|a Electronic books.
|2 local
|
| 700 |
1 |
|
|a Quantrill, Malcolm,
|d 1931-
|
| 710 |
2 |
|
|a Project Muse.
|e distributor
|
| 830 |
|
0 |
|a Book collections on Project MUSE.
|
| 856 |
4 |
0 |
|z Texto completo
|u https://projectmuse.uam.elogim.com/book/4055/
|
| 945 |
|
|
|a Project MUSE - Custom Collection
|
| 945 |
|
|
|a Project MUSE - Archive Complete Foundation
|